A student's guide to fourier transforms : (Record no. 16638)

MARC details
000 -LEADER
fixed length control field 01503cam a2200361 i 4500
001 - CONTROL NUMBER
control field 16888699
003 - CONTROL NUMBER IDENTIFIER
control field EG-ScBUE
005 - DATE AND TIME OF LATEST TRANSACTION
control field 20241021092858.0
008 - FIXED-LENGTH DATA ELEMENTS--GENERAL INFORMATION
fixed length control field 110725s2011 enka f b 001 0 eng d
020 ## - INTERNATIONAL STANDARD BOOK NUMBER
International Standard Book Number 0521176832
020 ## - INTERNATIONAL STANDARD BOOK NUMBER
International Standard Book Number 9780521176835
040 ## - CATALOGING SOURCE
Original cataloging agency DLC
Language of cataloging eng
Description conventions rda
Transcribing agency DLC
Modifying agency DLC
-- EG-ScBUE
082 04 - DEWEY DECIMAL CLASSIFICATION NUMBER
Classification number 515.723
Item number JAM
Edition number 22
100 1# - MAIN ENTRY--PERSONAL NAME
Personal name James, J. F.
Fuller form of name (John Francis)
Relator term author.
9 (RLIN) 29606
245 12 - TITLE STATEMENT
Title A student's guide to fourier transforms :
Remainder of title with applications in physics and engineering /
Statement of responsibility, etc J.F. James.
250 ## - EDITION STATEMENT
Edition statement Third edition.
264 #1 - PUBLICATION, DISTRIBUTION, ETC. (IMPRINT)
Place of publication, distribution, etc Cambridge ;
-- New York :
Name of publisher, distributor, etc Cambridge University Press,
Date of publication, distribution, etc 2011.
300 ## - PHYSICAL DESCRIPTION
Extent xiii, 146 pages :
Other physical details illustrations ;
Dimensions 24 cm
336 ## - CONTENT TYPE
Source rdacontent
Content type term text
Content type code txt
337 ## - MEDIA TYPE
Media type term unmediated
Source rdamedia
Media type code n
338 ## - CARRIER TYPE
Carrier type term volume
Carrier type code nc
Source rdacarrier
504 ## - BIBLIOGRAPHY, ETC. NOTE
Bibliography, etc Includes bibliographical references and index.
650 #7 - SUBJECT ADDED ENTRY--TOPICAL TERM
Topical term or geographic name as entry element Fourier transformations.
Source of heading or term BUEsh
9 (RLIN) 29607
650 #7 - SUBJECT ADDED ENTRY--TOPICAL TERM
Topical term or geographic name as entry element Mathematical physics.
Source of heading or term BUEsh
9 (RLIN) 29608
650 #7 - SUBJECT ADDED ENTRY--TOPICAL TERM
Topical term or geographic name as entry element Engineering mathematics.
Source of heading or term BUEsh
9 (RLIN) 29609
653 ## - INDEX TERM--UNCONTROLLED
Arrived date list April2012
856 42 - ELECTRONIC LOCATION AND ACCESS
Materials specified Contributor biographical information
Uniform Resource Identifier <a href="http://www.loc.gov/catdir/enhancements/fy1114/2011287091-b.html">http://www.loc.gov/catdir/enhancements/fy1114/2011287091-b.html</a>
856 42 - ELECTRONIC LOCATION AND ACCESS
Materials specified Publisher description
Uniform Resource Identifier <a href="http://www.loc.gov/catdir/enhancements/fy1114/2011287091-d.html">http://www.loc.gov/catdir/enhancements/fy1114/2011287091-d.html</a>
856 41 - ELECTRONIC LOCATION AND ACCESS
Materials specified Table of contents only
Uniform Resource Identifier <a href="http://www.loc.gov/catdir/enhancements/fy1114/2011287091-t.html">http://www.loc.gov/catdir/enhancements/fy1114/2011287091-t.html</a>
942 ## - ADDED ENTRY ELEMENTS (KOHA)
Source of classification or shelving scheme Dewey Decimal Classification
Koha item type Book - Borrowing
Holdings
Withdrawn status Lost status Source of classification or shelving scheme Damaged status Not for loan Collection code Home library Current library Shelving location Date acquired Source of acquisition Total Checkouts Total Renewals Full call number Barcode Date last seen Date checked out Price effective from Koha item type
    Dewey Decimal Classification     Donation-Gift Central Library Central Library First floor 10/04/2012 Donation 1 1 515.723 JAM 000025934 15/07/2025 11/04/2012 10/04/2012 Book - Borrowing